00297nam a2200109Ia 4500008004100000041000800041082001300049100001800062245004500080260004300125300001900168240624s9999 xx 000 0 und d aeng a920 KIR  aKIRLOSKAR S V aMAN WHO MADE MACHINES BIOGRAPHY OF THE P c2019aPunebKirloskar Brothers Limited a278 p.; 23 cm.